=LDR 00000nam 2200000 4500 =001 INLIS000000000024638 =005 20130612123218 =008 ***********************************Ind** =035 ##$$0010-061300000024638 =041 ##$$a Ind =082 ##$$a 658.404 =090 ##$$a 658.404, Suh m =100 ##$$a Soeharto, Imam =245 ##$$a Manajen proyek industri, Imama Soeharto =260 ##$$a 1990 $b Jakarta =300 ##$$a 302 hlm, 25 cm =650 ##$$a manajemen =850 ##$$a NBPNMAT